Proceedings Pacific Ocean Remote Sensing Conference (PORSEC) 2000 (Vol.II ) (Record no. 246700)
[ view plain ]
| 000 -LEADER | |
|---|---|
| fixed length control field | 00509nam a2200181Ia 4500 |
| 008 - FIXED-LENGTH DATA ELEMENTS--GENERAL INFORMATION | |
| fixed length control field | 240913s9999||||xx |||||||||||||| ||und|| |
| 082 ## - DEWEY DECIMAL CLASSIFICATION NUMBER | |
| -- | 551.4614 P0 |
| 100 ## - MAIN ENTRY--PERSONAL NAME | |
| Personal name | National Institute of Oceanography |
| 245 #0 - TITLE STATEMENT | |
| Title | Proceedings Pacific Ocean Remote Sensing Conference (PORSEC) 2000 (Vol.II ) |
| 250 ## - EDITION STATEMENT | |
| Edition statement | 1st |
| 260 ## - PUBLICATION, DISTRIBUTION, ETC. (IMPRINT) | |
| Date of publication, distribution, etc | 2000 |
| Name of publisher, distributor, etc | NAtional Institute of Oceanog |
| 500 ## - GENERAL NOTE | |
| General note | REFERENCE |
| 650 ## - SUBJECT ADDED ENTRY--TOPICAL TERM | |
| Topical term or geographic name as entry element | Proceedings |
| 942 ## - ADDED ENTRY ELEMENTS (KOHA) | |
| Item type | Reference |
| Withdrawn status | Lost status | Damaged status | Permanent location | Current location | Shelving location | Date acquired | Source of acquisition | Full call number | Barcode | Date last seen | Koha item type |
|---|---|---|---|---|---|---|---|---|---|---|---|
| CENTRAL LIBRARY, NOORUL ISLAM CENTRE FOR HIGHER EDUCATION | CENTRAL LIBRARY, NOORUL ISLAM CENTRE FOR HIGHER EDUCATION | 11/30/2018 | Gift Book from Dr.A.E. Muthunayagam | 551.4614 P0 | 78479 | 09/13/2024 | Reference |
